Online
Catalog
Normal view MARC view

Entry Término temático

Number of records used in: 1

001 - NÚMERO DE CONTROL

  • campo de control: 76859

003 - IDENTIFICADOR DEL NÚMERO DE CONTROL

  • campo de control: OSt

005 - FECHA Y HORA DE LA ÚLTIMA TRANSACCIÓN

  • campo de control: 20201013103234.0

008 - DATOS DE LONGITUD FIJA

  • campo de control de longitud fija: 201013|| aca||aabn | a|a d

040 ## - FUENTE DE LA CATALOGACIÓN

  • Centro catalogador/agencia de origen: OSt
  • Centro/agencia transcriptor: OSt

150 ## - ENCABEZAMIENTO--TÉRMINO DE MATERIA

  • Término de materia o nombre geográfico como elemento de entrada: Laudo arbitral

670 ## - FUENTE DE DATOS ENCONTRADOS

  • Cita de la fuente: Work cat.: (OSt)32259: República Dominicana 447 Comisión Mixta compuesta de la de Relaciones Exteriores y la de Hacienda, Informe sobre el laudo presentado al congreso nacional en su sesión del 15 de mayo de 1905., 1907.

Powered by Koha